[Event "FIDE World Uni Rapid-A 1st"]
[Site "Tornelo INT"]
[Date "2021.03.21"]
[Round "12"]
[White "Hibbert, Odane"]
[Black "Stasiowski, Karol"]
[Result "1/2-1/2"]
[WhiteElo "1467"]
[BlackElo "1545"]
[PlyCount "139"]
[EventDate "2021.03.20"]
[EventType "swiss (rapid)"]
[EventRounds "12"]
[EventCountry "NET"]
[SourceTitle "CBM 201 Extra"]
[Source "ChessBase"]
[SourceDate "2021.05.31"]
[SourceVersion "1"]
[SourceVersionDate "2021.05.31"]
[SourceQuality "1"]

1. d4 e6 2. c4 d5 3. Nc3 c6 4. Nf3 Nf6 5. Bg5 Nbd7 6. Qc2 Be7 7. e3 h6 8. Bh4 0-0 9. Bd3 dxc4 10. Bxc4 b5 11. Bd3 a6 12. 0-0 Bb7 13. a3 c5 14. Qe2 Qb6 15. Rac1 Bxf3 16. Qxf3 cxd4 17. exd4 Qxd4 18. Bg3 Ne5 19. Bxe5 Qxe5 20. Rfe1 Qg5 21. Qb7 Bc5 22. Ne4 Nxe4 23. Bxe4 Rad8 24. Qxa6 Rd2 25. Rf1 Rxf2 26. Kh1 Rxb2 27. a4 bxa4 28. Qxa4 Bd6 29. Qd4 Be5 30. Qd3 Qh4 31. h3 Rd8 32. Qf3 f5 33. Bb1 Qg3 34. Qxg3 Bxg3 35. Rf3 Bb8 36. g4 fxg4 37. hxg4 Rf8 38. Rxf8+ Kxf8 39. Rc8+ Ke7 40. Be4 Kf6 41. Rc6 Ke5 42. Bg2 Rb4 43. Bh3 g5 44. Kg2 Rf4 45. Ra6 Kd5 46. Ra5+ Kd4 47. Ra4+ Ke3 48. Ra3+ Kd2 49. Ra2+ Kc3 50. Ra8 Bd6 51. Ra6 Rd4 52. Rc6+ Kd3 53. Kf3 e5 54. Bf1+ Kd2 55. Ra6 Rf4+ 56. Kg3 Bc5 57. Ra2+ Kc3 58. Bg2 e4 59. Re2 e3 60. Bf3 Bb4 61. Rxe3+ Kd2 62. Re6 Bf8 63. Re4 Rxe4 64. Bxe4 Ke3 65. Bf5 Bg7 66. Bc8 Be5+ 67. Kh3 Kf4 68. Bd7 Bd4 69. Bc8 Be3 70. Bd7 1/2-1/2

[Event "FIDE World Uni Rapid-A 1st"]
[Site "Tornelo INT"]
[Date "2021.03.20"]
[Round "5"]
[White "Hibbert, Odane"]
[Black "Jaferian, Koosha"]
[Result "0-1"]
[WhiteElo "1467"]
[BlackElo "2163"]
[PlyCount "42"]
[EventDate "2021.03.20"]
[EventType "swiss (rapid)"]
[EventRounds "12"]
[EventCountry "NET"]
[SourceTitle "CBM 201 Extra"]
[Source "ChessBase"]
[SourceDate "2021.05.31"]
[SourceVersion "1"]
[SourceVersionDate "2021.05.31"]
[SourceQuality "1"]

1. d4 Nf6 2. c4 e6 3. Nc3 Bb4 4. Qc2 0-0 5. a3 Bxc3+ 6. Qxc3 d5 7. Bg5 h6 8. Bh4 c5 9. e3 g5 10. Bg3 Ne4 11. Qc2 Qa5+ 12. Kd1 Bd7 13. f3 Ba4 14. b3 Bxb3 15. fxe4 Bxc2+ 16. Kxc2 dxe4 17. Bd6 cxd4 18. Bxf8 d3+ 19. Kb3 Kxf8 20. Nh3 Qd2 21. Ra2 Qxe3 0-1